000 00682nam a2200253 i 4500
003 DO-SdBNP
005 20241018113446.0
007 ta
008 241018s1991 dr 000 p spa d
020 _a9803004484
040 _aDO-SdBNP
_bspa
_cBNPHU
_erda
082 _bB575q
_222
100 _922487
245 1 0 _aQué, cómo y cuándo comer? /
_cP. Keshava Bahat
250 _a3ar. edición
264 _aSanto Domingo :
_bEl Naturista,
_c1991
300 _a76 páginas
_c22 cm.
336 _2rdacontent
_atexto
_btxt
337 _2rdamedia
_asin mediación
_bn
338 _2rdacarrier
_avolumen
_bnc
590 _aInventariado, 2024 / DG
910 _aDG
942 _2ddc
_cLBS1
999 _c57912
_d57912